[Event "13th EICC"]
[Site "Plovdiv BUL"]
[Date "2012.03.30"]
[Round "10.134"]
[White "Froewis, Georg"]
[Black "Kourousis, Epaminondas"]
[Result "0-1"]
[WhiteTitle "IM"]
[WhiteElo "2407"]
[BlackElo "2284"]
[WhiteFideId "1618423"]
[BlackFideId "4211626"]
[EventDate "2012.03.20"]
[EventType "swiss"]

1. Nf3 Nf6 2. c4 e6 3. g3 a6 4. Bg2 b5 5. b3 Bb7 6. O-O c5 7. Bb2 Be7 8. d3 Qb6
9. Nbd2 Nc6 10. e4 d6 11. Re1 O-O 12. Nf1 bxc4 13. dxc4 Rfd8 14. Ne3 Nxe4 15.
Nh4 Nd4 16. Qd3 Bxh4 17. Bxe4 Bxe4 18. Qxe4 Bf6 19. Bxd4 Bxd4 20. Rad1 g6 21.
Nc2 d5 22. cxd5 Rxd5 23. Kg2 Rad8 24. Re2 Bxf2 25. Rxd5 exd5 26. Qa4 Bd4 27.
Re8+ Rxe8 28. Qxe8+ Kg7 29. Nxd4 cxd4 30. Qe5+ Kf8 31. Qxd5 Qb4 32. Kh3 h5 33.
a3 Qc3 34. Qd6+ Kg8 35. Qb8+ Kh7 36. Qf4 Qc8+ 37. Kg2 Qc2+ 38. Kh3 Qxb3 39. Qxd4
Qxa3 40. Qf6 Qa2 41. g4 hxg4+ 42. Kg3 Qb3+ 0-1

[Event "13th EICC"]
[Site "Plovdiv BUL"]
[Date "2012.03.30"]
[Round "10.135"]
[White "Pop, Alexandru"]
[Black "Goumas, Georgios"]
[Result "1/2-1/2"]
[WhiteElo "2272"]
[BlackElo "2398"]
[WhiteFideId "1220837"]
[BlackFideId "4208935"]
[EventDate "2012.03.20"]
[EventType "swiss"]

1. Nf3 Nf6 2. c4 e6 3. g3 a6 4. Bg2 b5 5. O-O bxc4 6. Qa4 Bb7 7. Qxc4 c5 8. Nc3
Be7 9. d4 cxd4 10. Nxd4 Bxg2 11. Kxg2 d5 12. Qa4+ Qd7 13. Bf4 O-O 14. Bxb8 Rfxb8
15. Qxd7 Nxd7 16. Nc6 Re8 17. Na4 Kf8 18. Rac1 Rec8 19. Rfd1 Ke8 20. Rc2 Bc5 21.
Na5 Bb6 22. Nc6 Rc7 23. Rdc1 Rac8 24. Rc3 Bc5 25. Nxc5 Rxc6 26. Nxa6 Rxc3 27.
Rxc3 Rxc3 28. bxc3 Nb6 29. Nc7+ Kd7 30. Nb5 Kc6 31. Na3 Kc5 32. Kf1 Na4 33. Nb1
Kc4 34. Ke1 Nxc3 35. Nxc3 Kxc3 36. Kd1 Kb4 37. Kc2 Ka3 38. Kb1 1/2-1/2

[Event "13th EICC"]
[Site "Plovdiv BUL"]
[Date "2012.03.30"]
[Round "10.136"]
[White "Kjurkchiiski, Georgi"]
[Black "Abdulov, Orkhan"]
[Result "1/2-1/2"]
[BlackTitle "IM"]
[WhiteElo "2266"]
[BlackElo "2387"]
[WhiteFideId "2901153"]
[BlackFideId "13402714"]
[EventDate "2012.03.20"]
[EventType "swiss"]

1. e4 c5 2. Nf3 e6 3. d3 Nc6 4. g3 Nf6 5. Bg2 d6 6. O-O Be7 7. Re1 O-O 8. e5
dxe5 9. Nxe5 Nxe5 10. Rxe5 Qc7 11. Re1 Bd7 12. Bf4 Bd6 13. Bxd6 Qxd6 14. Nd2 Bc6
15. Nc4 Qc7 16. Bxc6 Qxc6 17. Ne5 Qb6 18. Nc4 Qc7 19. Qf3 Rad8 20. Re2 Rd5 21.
Rae1 Rfd8 22. Ne5 h6 23. h3 Rd4 24. Kg2 R4d5 25. Kg1 Qb6 26. Nc4 Qb5 27. g4 Rd4
28. Qg3 g5 29. Qc7 R4d7 30. Qg3 Rd4 31. Qc7 R8d7 32. Qc8+ Rd8 33. Qc7 Ne8 34.
Qg3 Rf4 35. Re4 Rxe4 36. Rxe4 Qa4 37. Na3 Qa5 38. Qe3 Nf6 39. Rxe6 Nd5 40. Re8+
Kg7 41. Qe5+ f6 42. Qe6 Rxe8 43. Qxe8 Nf4 44. Qe7+ Kg8 45. Qe8+ Kg7 1/2-1/2

[Event "13th EICC"]
[Site "Plovdiv BUL"]
[Date "2012.03.30"]
[Round "10.137"]
[White "Pantev, Veselin"]
[Black "Voiteanu, Gabriel"]
[Result "1-0"]
[WhiteTitle "FM"]
[BlackTitle "FM"]
[WhiteElo "2379"]
[BlackElo "2275"]
[WhiteFideId "2901390"]
[BlackFideId "1208810"]
[EventDate "2012.03.20"]
[EventType "swiss"]

1. d4 Nf6 2. Nf3 g6 3. Bf4 Bg7 4. e3 O-O 5. Be2 d5 6. O-O c5 7. c3 Qb6 8. Qb3
Nc6 9. Nbd2 Re8 10. h3 c4 11. Qxb6 axb6 12. b3 b5 13. a4 bxa4 14. bxc4 Bf5 15.
Ra2 Ne4 16. Nxe4 dxe4 17. Nd2 e5 18. Bg3 exd4 19. cxd4 Bf8 20. Rfa1 Bd7 21. c5
b6 22. cxb6 Na5 23. Rxa4 Bxa4 24. Rxa4 Nb7 25. Rxa8 Rxa8 26. Nxe4 Ra1+ 27. Kh2
f5 28. Bc4+ Kg7 29. Bd5 Na5 30. Nc5 Rb1 31. b7 Bxc5 32. b8=Q Rxb8 33. Bxb8 Bb6
34. Be5+ Kf8 35. g4 Ke7 36. gxf5 gxf5 37. Kg3 1-0

[Event "13th EICC"]
[Site "Plovdiv BUL"]
[Date "2012.03.30"]
[Round "10.138"]
[White "Sofranov, Velizar"]
[Black "Nestorovic, Lazar"]
[Result "0-1"]
[BlackTitle "IM"]
[WhiteElo "2198"]
[BlackElo "2374"]
[WhiteFideId "2906465"]
[BlackFideId "937517"]
[EventDate "2012.03.20"]
[EventType "swiss"]

1. Nf3 Nf6 2. c4 g6 3. Nc3 Bg7 4. e4 O-O 5. d4 d6 6. h3 e5 7. d5 a5 8. Bg5 Na6
9. Nd2 Nc5 10. Be2 h6 11. Be3 Ne8 12. g4 f5 13. gxf5 gxf5 14. exf5 Bxf5 15. Bxc5
dxc5 16. Nde4 Qh4 17. Bd3 Bxe4 18. Nxe4 Rf4 19. Qe2 Nd6 20. Nxc5 e4 21. Bc2 Bxb2
22. Rd1 Raf8 23. Rh2 Nf5 24. Rg2+ Kh8 25. Bxe4 Bc3+ 26. Kf1 Ng3+ 27. Rxg3 Qxg3
28. Nd3 Rg8 0-1

[Event "13th EICC"]
[Site "Plovdiv BUL"]
[Date "2012.03.30"]
[Round "10.139"]
[White "Erturan, Yakup"]
[Black "Senetia, Teodor"]
[Result "1-0"]
[WhiteTitle "IM"]
[WhiteElo "2370"]
[BlackElo "2188"]
[WhiteFideId "6301410"]
[BlackFideId "1217160"]
[EventDate "2012.03.20"]
[EventType "swiss"]

1. e4 c5 2. Nf3 d6 3. d4 cxd4 4. Qxd4 Nc6 5. Bb5 Bd7 6. Bxc6 Bxc6 7. Nc3 Nf6 8.
Bg5 Nd7 9. O-O-O Qb6 10. Qd2 h6 11. Be3 Qa5 12. Kb1 e6 13. Nd4 a6 14. f4 Be7 15.
Rhe1 Qh5 16. h3 Rc8 17. g4 Qa5 18. e5 d5 19. f5 Nf8 20. Qd3 Bd7 21. Bd2 Qc7 22.
f6 gxf6 23. exf6 Bxf6 24. Nxd5 Qd8 25. Nf5 Bb5 26. Nxf6+ Qxf6 27. Nd6+ Kd7 28.
Nxb5+ 1-0

[Event "13th EICC"]
[Site "Plovdiv BUL"]
[Date "2012.03.30"]
[Round "10.141"]
[White "Dragomirescu, Robin-Alexandru"]
[Black "Makka, Ioulia"]
[Result "1-0"]
[WhiteTitle "IM"]
[BlackTitle "WIM"]
[WhiteElo "2358"]
[BlackElo "2152"]
[WhiteFideId "1213849"]
[BlackFideId "4205316"]
[EventDate "2012.03.20"]
[EventType "swiss"]

1. e4 c6 2. Nc3 d5 3. Nf3 Bg4 4. h3 Bxf3 5. Qxf3 e6 6. d3 Nd7 7. Bd2 Bd6 8. g4
Ne5 9. Qg2 Ng6 10. g5 h6 11. gxh6 Nxh6 12. O-O-O Qf6 13. Kb1 Bf4 14. Bxf4 Qxf4
15. Ne2 Qf6 16. Qg3 O-O-O 17. Bg2 Nh4 18. f3 e5 19. Rhf1 dxe4 20. fxe4 Qe7 21.
Ng1 Rd6 22. Nf3 Nxf3 23. Bxf3 Rg6 24. Qf2 Kb8 25. d4 exd4 26. Rxd4 Rd8 27. Rfd1
Rxd4 28. Qxd4 Rg3 29. Qf2 Rg5 30. Qd4 f6 31. Qc4 Nf7 32. Bg4 Ne5 33. Qg8+ Kc7
34. Qc8+ Kb6 35. Be2 a6 36. a3 Rg2 37. Bf1 Rf2 38. Bc4 Nxc4 39. Rd7 Nxa3+ 40.
Ka2 Qe5 41. Qxb7+ Kc5 42. Qa7+ Kb4 43. bxa3+ Ka5 44. Rd5+ Qxd5+ 45. exd5 1-0

[Event "13th EICC"]
[Site "Plovdiv BUL"]
[Date "2012.03.30"]
[Round "10.142"]
[White "Ljangov, Petar"]
[Black "Antal, Tibor Kende"]
[Result "0-1"]
[BlackTitle "FM"]
[WhiteElo "2089"]
[BlackElo "2352"]
[WhiteFideId "2901277"]
[BlackFideId "738581"]
[EventDate "2012.03.20"]
[EventType "swiss"]

1. Nf3 Nf6 2. b3 d5 3. Bb2 c6 4. g3 Bf5 5. Bg2 e6 6. O-O h6 7. d3 Nbd7 8. c4 Bc5
9. Nbd2 O-O 10. a3 a5 11. Qc2 Qe7 12. Qc3 e5 13. e3 Bd6 14. Nh4 Bh7 15. Bh3 g6
16. Rfe1 Nh5 17. e4 d4 18. Qc2 Ng7 19. Nf1 Nf6 20. Qd1 c5 21. a4 Rae8 22. Bc1 g5
23. Nf5 Bxf5 24. exf5 Qd7 25. Qf3 Qc6 26. Qxc6 bxc6 27. f3 Rb8 28. Ra3 Rb7 29.
Bd2 Rfb8 30. Rb1 Bc7 31. Bc1 Nge8 32. Nd2 Nd6 33. Ne4 Nfxe4 34. fxe4 Kg7 35. Bg4
Rh8 36. Bd1 Kf6 37. g4 Ne8 38. Rb2 Rb8 39. Raa2 Ke7 40. Rg2 Bd8 41. Bd2 Kd6 42.
Be1 Nf6 43. Bd2 h5 44. Rb2 Nxg4 45. Bxg4 hxg4 46. Rxg4 Rb7 47. Kh1 f6 48. Be1
Be7 49. Bxa5 Ra8 50. Bd2 Rxa4 51. Rg1 Ra3 52. Rgb1 Kd7 53. Kg2 Bd8 54. Kf3 Kc8
55. Be1 Rh7 56. Kg3 Kb8 57. Kg2 Rb7 58. Bd2 Kc8 59. Be1 Ba5 60. Bxa5 Rxa5 61.
Kg3 Ra3 62. Kg2 Kb8 63. Kf2 Ka7 64. Ke2 Rh7 65. Kd1 Rh3 66. Rd2 Kb6 67. Kc2 Ka5
68. Kb2 Kb4 69. Kc2 Ra2+ 70. Rb2 Ra1 71. Rg2 Ka3 72. b4 cxb4 73. Rb3+ Ka4 74.
Rb2 Ra3 75. Rd2 Rc3+ 76. Kd1 Rhxd3 77. Ra2+ Kb3 78. Ra7 Kxc4 79. Rf7 b3 80. Rxf6
b2 81. Rxc6+ Kb5 0-1

[Event "13th EICC"]
[Site "Plovdiv BUL"]
[Date "2012.03.30"]
[Round "10.145"]
[White "Bukal, Vladimir Jr."]
[Black "Hristodorescu, Daniel"]
[Result "1-0"]
[WhiteTitle "IM"]
[BlackTitle "FM"]
[WhiteElo "2441"]
[BlackElo "2212"]
[WhiteFideId "14502941"]
[BlackFideId "1203100"]
[EventDate "2012.03.20"]
[EventType "swiss"]

1. d4 Nf6 2. c4 g6 3. g3 Bg7 4. Bg2 O-O 5. Nc3 d6 6. Nf3 c6 7. O-O Bf5 8. Ne1
Qc8 9. e4 Bh3 10. Bxh3 Qxh3 11. f3 Qc8 12. Be3 Nbd7 13. Rc1 c5 14. d5 Ne5 15. b3
Ne8 16. Kg2 a6 17. a4 Nc7 18. a5 e6 19. Na4 exd5 20. Nb6 Qd8 21. Nxa8 Nxa8 22.
Qxd5 Nc6 23. Nc2 Nxa5 24. Rfd1 Nxb3 25. Rb1 Nc7 26. Qxd6 Qxd6 27. Rxd6 Na5 28.
Bxc5 Ne6 29. Bb4 Nxc4 30. Rxe6 1-0

[Event "13th EICC"]
[Site "Plovdiv BUL"]
[Date "2012.03.30"]
[Round "10.146"]
[White "Fedorovsky, Michael"]
[Black "Scekic, Veljko"]
[Result "1-0"]
[WhiteTitle "IM"]
[WhiteElo "2395"]
[BlackElo "2186"]
[WhiteFideId "14105454"]
[BlackFideId "940020"]
[EventDate "2012.03.20"]
[EventType "swiss"]

1. d4 Nf6 2. c4 g6 3. Nc3 Bg7 4. e4 O-O 5. Nf3 d6 6. Be2 c5 7. O-O cxd4 8. Nxd4
Nc6 9. Be3 Bd7 10. f3 a5 11. Ndb5 b6 12. Rc1 Rb8 13. Qd2 Re8 14. Rfd1 Rb7 15.
Bf1 Qb8 16. Qf2 Bc8 17. Nd5 Nd7 18. b3 Nc5 19. Bd3 Bd7 20. Bb1 Nd8 21. Qh4 Bxb5
22. cxb5 Nde6 23. f4 Nf8 24. f5 e6 25. f6 exd5 26. fxg7 Nfe6 27. Rxd5 Nxg7 28.
Bd4 Nge6 29. Bb2 Ng7 30. Rcxc5 bxc5 31. Qf6 Re5 32. Rxd6 Qxd6 33. Qxd6 Re6 34.
Qxc5 1-0

[Event "13th EICC"]
[Site "Plovdiv BUL"]
[Date "2012.03.30"]
[Round "10.147"]
[White "Manea, Alexandru"]
[Black "Arnaudov, Petar"]
[Result "1-0"]
[WhiteTitle "IM"]
[WhiteElo "2381"]
[BlackElo "2149"]
[WhiteFideId "1207660"]
[BlackFideId "2901706"]
[EventDate "2012.03.20"]
[EventType "swiss"]

1. c4 e5 2. Nc3 Nf6 3. Nf3 d6 4. d4 Nbd7 5. g3 c6 6. Bg2 Be7 7. O-O O-O 8. e4 h6
9. b3 Nh7 10. Be3 Ng5 11. d5 Nxf3+ 12. Bxf3 c5 13. Bg2 Bg5 14. f4 exf4 15. gxf4
Bf6 16. Rc1 Re8 17. Kh1 g6 18. e5 dxe5 19. f5 Bg5 20. Bxg5 hxg5 21. fxg6 fxg6
22. Ne4 Kg7 23. Qd2 Nf8 24. Nxc5 Bf5 25. Nxb7 Qf6 26. Nc5 g4 27. Ne4 Qh4 28. Qf2
Qxf2 29. Rxf2 Rad8 30. Rcf1 Nh7 31. Re1 a5 32. Ng3 Nf8 33. Rfe2 Kf6 34. Ne4+ Kg7
35. Nc5 Kf6 1-0

[Event "13th EICC"]
[Site "Plovdiv BUL"]
[Date "2012.03.30"]
[Round "10.148"]
[White "Ilic, Slobodan S"]
[Black "Filev, Georgi"]
[Result "1-0"]
[BlackTitle "FM"]
[WhiteElo "2160"]
[BlackElo "2372"]
[WhiteFideId "912883"]
[BlackFideId "2907500"]
[EventDate "2012.03.20"]
[EventType "swiss"]

1. c4 c5 2. Nc3 Nc6 3. g3 g6 4. Bg2 Bg7 5. Nf3 e5 6. a3 Nge7 7. Rb1 a5 8. O-O
O-O 9. d3 d6 10. Bd2 Be6 11. Ng5 Bg4 12. h3 Bc8 13. Qc1 h6 14. Nf3 Kh7 15. e3
Be6 16. Kh2 f5 17. b3 b6 18. Qc2 Rb8 19. Ne2 Rc8 20. Rbd1 d5 21. cxd5 Nxd5 22.
Qb1 Rf7 23. Nc3 Rd7 24. Nb5 Nde7 25. Bc3 Qg8 26. Nd2 a4 27. Nc4 Rb8 28. Qb2 axb3
29. Nxe5 Nxe5 30. Bxe5 Rbd8 31. Bxg7 Qxg7 32. Qb1 Bf7 33. Rd2 c4 34. d4 Nd5 35.
Rc1 Rc8 36. Nc3 Nxc3 37. Rxc3 Qf8 38. e4 fxe4 39. h4 h5 40. Bh3 Rcd8 41. Bxd7
Rxd7 42. Qxe4 Bd5 1-0

[Event "13th EICC"]
[Site "Plovdiv BUL"]
[Date "2012.03.30"]
[Round "10.150"]
[White "Cherednichenko, Elena"]
[Black "Videnova, Iva"]
[Result "0-1"]
[WhiteTitle "WFM"]
[BlackTitle "WGM"]
[WhiteElo "2130"]
[BlackElo "2301"]
[WhiteFideId "14105560"]
[BlackFideId "2907763"]
[EventDate "2012.03.20"]
[EventType "swiss"]

1. d4 c5 2. d5 g6 3. e4 Bg7 4. Nf3 d6 5. h3 Nf6 6. Nc3 O-O 7. Bd3 Na6 8. O-O Nc7
9. a4 b6 10. Re1 a6 11. Rb1 Rb8 12. b4 Nd7 13. Na2 cxb4 14. Nxb4 Bb7 15. Bb2
Bxb2 16. Rxb2 a5 17. Na2 Nc5 18. Nc3 Nxd3 19. Qxd3 Na6 20. Qe3 Nc5 21. Qh6 f6
22. Nd4 Rf7 23. Re3 Ba8 24. h4 Qe8 25. Ra2 e5 26. dxe6 Nxe6 27. Ndb5 Rd7 28. Nd5
Qf7 29. c4 Qg7 30. Qxg7+ Kxg7 31. Nbc3 Nc5 32. Rb2 Bxd5 33. exd5 Rc7 34. Rbe2
Kf7 35. Nb5 Rd7 36. Nc3 Rbb7 37. g3 Re7 38. Ne4 Rbd7 39. Nc3 Rc7 40. Rb2 Rb7 41.
Ree2 Rb8 42. Kf1 f5 43. Kg2 Na6 44. Nb5 Rd8 45. Kf3 Nc5 46. Nc3 Rb8 47. Ra2 Rbb7 0-1

[Event "13th EICC"]
[Site "Plovdiv BUL"]
[Date "2012.03.30"]
[Round "10.151"]
[White "Blaushtain, Boris"]
[Black "Nikolova, Adriana"]
[Result "0-1"]
[BlackTitle "WGM"]
[WhiteElo "2105"]
[BlackElo "2293"]
[WhiteFideId "2804638"]
[BlackFideId "2908689"]
[EventDate "2012.03.20"]
[EventType "swiss"]

1. c4 e5 2. Nc3 Nf6 3. g3 Bb4 4. Nd5 Nxd5 5. cxd5 O-O 6. Bg2 c6 7. Qc2 Qe7 8. a3
Ba5 9. Nf3 cxd5 10. b4 Bb6 11. Bb2 d6 12. O-O Bg4 13. h3 Bxf3 14. Bxf3 e4 15.
Bg2 Nd7 16. Qb3 Qe6 17. d4 f5 18. e3 g5 19. Rfe1 h5 20. Kh2 Kh7 21. Rac1 Rg8 22.
Qd1 Qh6 23. Rc2 Qg6 24. Bc1 Raf8 25. Rg1 Kh6 26. Bh1 Qf7 27. a4 a5 28. b5 Rc8
29. Bg2 Rcd8 30. Bf1 Nf8 31. Be2 Ne6 32. f4 gxf4 33. gxf4 Rxg1 34. Qxg1 Rg8 35.
Qf2 Qg7 36. Bb2 Bd8 37. Bd1 Bh4 38. Qg2 Qf7 39. Qf1 Bg3+ 40. Kh1 Qf6 41. Rg2 Qh4
42. Rg1 b6 43. Bc1 Nc7 44. Bb3 Rg7 45. Bd2 Ne8 46. Bd1 Nf6 47. Qg2 Rg8 48. Qf1
Kh7 49. Be2 Bf2 50. Rxg8 Kxg8 51. Qg2+ Kf7 52. Bc1 Ng4 53. Bxg4 hxg4 54. Bd2 g3 0-1

[Event "13th EICC"]
[Site "Plovdiv BUL"]
[Date "2012.03.30"]
[Round "10.152"]
[White "Rigopoulos-Tsigkos, Alexandros"]
[Black "Chudinovskikh, Alexander M"]
[Result "0-1"]
[BlackTitle "IM"]
[WhiteElo "2095"]
[BlackElo "2278"]
[WhiteFideId "4215109"]
[BlackFideId "4106083"]
[EventDate "2012.03.20"]
[EventType "swiss"]

1. e4 e5 2. Nf3 Nc6 3. Bc4 Nf6 4. d3 Be7 5. O-O O-O 6. a4 d6 7. Re1 Bg4 8. c3
Kh8 9. Nbd2 Bh5 10. Nf1 h6 11. Ng3 Bg6 12. Nh4 Nh7 13. Nhf5 Bg5 14. Bxg5 Nxg5
15. Qg4 Ne7 16. h4 Nh7 17. Ne3 c6 18. Qf3 Nf6 19. h5 Bh7 20. d4 exd4 21. cxd4 d5
22. e5 Ne4 23. Nxe4 Bxe4 24. Qf4 Qb6 25. Bf1 Qxb2 26. f3 Bh7 27. a5 Rae8 28. g4
f6 29. e6 g5 30. hxg6 Nxg6 31. Qxh6 Qxd4 32. Ra4 Qxa4 33. Nf5 Rg8 34. Nd6 Qd4+
35. Kh1 Ne5 36. Rxe5 Rg6 37. Qh5 fxe5 38. Nf7+ Kg7 39. Bd3 e4 40. Ng5 Rh6 0-1

[Event "13th EICC"]
[Site "Plovdiv BUL"]
[Date "2012.03.30"]
[Round "10.153"]
[White "Balokas, Dimitrios"]
[Black "Ben Artzi, Ido"]
[Result "0-1"]
[WhiteElo "2080"]
[BlackElo "2271"]
[WhiteFideId "4216920"]
[BlackFideId "2810913"]
[EventDate "2012.03.20"]
[EventType "swiss"]

1. Nf3 g6 2. c4 Bg7 3. Nc3 c5 4. g3 Nc6 5. Bg2 d6 6. O-O Nh6 7. d4 cxd4 8. Bxh6
Bxh6 9. Nxd4 Ne5 10. Qb3 O-O 11. Rfd1 Nd7 12. Na4 Qc7 13. e3 Nc5 14. Nxc5 Qxc5
15. Qb5 Bg7 16. Rac1 a6 17. Qa4 Rb8 18. b4 Qc7 19. c5 dxc5 20. Rxc5 Qb6 21. Rdc1
Rd8 22. Qa5 Qxa5 23. bxa5 e5 24. Nb3 Be6 25. Rc7 b6 26. Bb7 Rd6 27. Bxa6 bxa5
28. Bc4 Bxc4 29. R1xc4 Ra6 30. Nc5 Raa8 31. Nd7 Rb1+ 32. Kg2 h5 33. Rc8+ Rxc8
34. Rxc8+ Kh7 35. Rc5 a4 36. Ra5 Rb4 37. Nc5 Rb2 38. Rxa4 Bh6 39. Nd3 Rd2 40.
Nxe5 Bxe3 41. Kf3 Bc5 42. g4 Rxf2+ 43. Kg3 h4+ 44. Kxh4 Bd6 45. Nd3 g5+ 46. Kh5
Rf3 47. Nb4 Bf4 0-1

[Event "13th EICC"]
[Site "Plovdiv BUL"]
[Date "2012.03.30"]
[Round "10.154"]
[White "Gaehwiler, Gabriel"]
[Black "Manelidou, Maria"]
[Result "1-0"]
[WhiteElo "2260"]
[BlackElo "2067"]
[WhiteFideId "1314530"]
[BlackFideId "4212240"]
[EventDate "2012.03.20"]
[EventType "swiss"]

1. e4 e5 2. Nf3 Nc6 3. d4 exd4 4. Nxd4 Bc5 5. Be3 Qf6 6. c3 Nge7 7. Bc4 O-O 8.
O-O b6 9. f4 d5 10. exd5 Bxd4 11. cxd4 Na5 12. Bd3 Nxd5 13. Qh5 g6 14. Qxd5 Bb7
15. Qg5 Qc6 16. Nd2 Rfe8 17. Bf2 Qd6 18. f5 1-0

[Event "13th EICC"]
[Site "Plovdiv BUL"]
[Date "2012.03.30"]
[Round "10.157"]
[White "Pavlidou, Ekaterini"]
[Black "Todorov, Yavor"]
[Result "1-0"]
[WhiteTitle "WIM"]
[WhiteElo "2231"]
[BlackElo "2029"]
[WhiteFideId "4213262"]
[BlackFideId "2911540"]
[EventDate "2012.03.20"]
[EventType "swiss"]

1. d4 Nf6 2. c4 g6 3. Nc3 d5 4. cxd5 Nxd5 5. Na4 Bg7 6. e4 Nb6 7. Nxb6 axb6 8.
Be3 O-O 9. Bc4 Qd6 10. a3 b5 11. Bxb5 Qb6 12. Bc4 Qxb2 13. Ne2 Qb6 14. O-O c6
15. Qd3 Nd7 16. Rfb1 Qa5 17. Bd2 Qd8 18. Ra2 b5 19. Bb3 Nc5 20. Qc2 Nxb3 21.
Qxb3 Bxd4 22. Nxd4 Qxd4 23. Qf3 Be6 24. Rab2 Bc4 25. Bb4 c5 26. Rd2 Qe5 27. Bc3
Qc7 28. Bb2 f6 29. e5 Ra6 30. exf6 exf6 31. Rbd1 Re6 32. g4 Rfe8 33. Kg2 Qf7 34.
Rd7 R8e7 35. Rd8+ Re8 36. R1d7 Re7 37. Rxe7 Qxe7 38. Rxe8+ Qxe8 39. Qxf6 Bd5+
40. Kh3 Qd7 41. Qh8+ Kf7 42. Qxh7+ Ke8 43. Qxg6+ Bf7 44. Qe4+ Kd8 45. Bf6+ Kc7
46. Kg3 Kb6 47. h4 Qd1 48. Qe3 Qd5 49. h5 Ka5 50. Be7 Kb6 51. h6 Bg6 52. f4 Bd3
53. Bxc5+ Qxc5 54. Qxc5+ Kxc5 55. f5 1-0

[Event "13th EICC"]
[Site "Plovdiv BUL"]
[Date "2012.03.30"]
[Round "10.158"]
[White "Mogilarov, Dimitar"]
[Black "Boehnisch, Manfred"]
[Result "1/2-1/2"]
[BlackTitle "FM"]
[WhiteElo "2147"]
[BlackElo "2291"]
[WhiteFideId "2905248"]
[BlackFideId "4611543"]
[EventDate "2012.03.20"]
[EventType "swiss"]

1. e4 c6 2. d4 d5 3. exd5 cxd5 4. c4 Nf6 5. Nc3 Nc6 6. cxd5 Nxd5 7. Nf3 Bg4 8.
Qb3 Bxf3 9. gxf3 e6 10. Qxb7 Nxd4 11. Bb5+ Nxb5 12. Qc6+ Ke7 13. Qxb5 Qd7 14.
Nxd5+ Qxd5 15. Qxd5 exd5 16. Be3 Ke6 17. Rc1 Bd6 18. O-O Be5 19. Rfe1 Kf5 20.
Rc5 Rhd8 21. b3 Rd7 22. Re2 f6 23. Ra5 Bc3 24. Rc5 Be5 25. Rd2 Rad8 26. Bd4 a6
27. h3 g5 28. Kf1 h5 29. Ke2 h4 30. b4 Rd6 31. Ra5 Re8 32. Bxe5 Rxe5+ 33. Kf1 d4
34. Rc5 d3 35. Rc3 Red5 36. a4 Kf4 37. Kg2 Rd4 38. b5 a5 39. Rb3 Rxa4 40. Rdxd3
Ke5 41. b6 Rb4 42. b7 Rdb6 43. Ra3 a4 44. Rd8 Rxb7 1/2-1/2

[Event "13th EICC"]
[Site "Plovdiv BUL"]
[Date "2012.03.30"]
[Round "10.159"]
[White "Berman, Mark"]
[Black "Cherednichenko, Svetlana"]
[Result "1/2-1/2"]
[BlackTitle "WGM"]
[WhiteElo "2129"]
[BlackElo "2279"]
[WhiteFideId "2806665"]
[BlackFideId "14105551"]
[EventDate "2012.03.20"]
[EventType "swiss"]

1. d4 g6 2. e4 d6 3. c3 Bg7 4. Bd3 Nf6 5. Nf3 O-O 6. O-O Nbd7 7. Qe2 e5 8. dxe5
dxe5 9. Rd1 Nh5 10. Bg5 Bf6 11. Bh6 Bg7 12. Bg5 Qe8 13. Bc4 Kh8 14. Na3 a6 15.
Nc2 h6 16. Be3 f5 17. g3 fxe4 18. Nd2 Nhf6 19. a4 Nb6 20. Nxe4 Nxe4 21. Bxb6 Ng5
22. Bc5 Qc6 23. Rd5 Be6 24. Nb4 Qe8 25. Bxf8 Qxf8 26. f4 exf4 27. Rxg5 Bxc4 28.
Qxc4 hxg5 29. Rf1 Qd6 30. Qd5 Qxd5 31. Nxd5 c6 32. Nc7 Rd8 33. Ne6 Rd2 34. Rf2
Rd1+ 35. Rf1 Rxf1+ 36. Kxf1 fxg3 37. hxg3 g4 38. Nc5 b6 39. Nxa6 Be5 40. Kf2 c5
41. a5 bxa5 42. Nxc5 Kg7 1/2-1/2

[Event "13th EICC"]
[Site "Plovdiv BUL"]
[Date "2012.03.30"]
[Round "10.161"]
[White "Andok, Claus Michael"]
[Black "Medancic, Rikard"]
[Result "0-1"]
[BlackTitle "IM"]
[WhiteElo "2116"]
[BlackElo "2252"]
[WhiteFideId "24602000"]
[BlackFideId "14500531"]
[EventDate "2012.03.20"]
[EventType "swiss"]

1. e4 d5 2. d3 dxe4 3. dxe4 Qxd1+ 4. Kxd1 e5 5. Be3 Be6 6. Nd2 Nd7 7. c3 Bc5 8.
Bxc5 Nxc5 9. Kc2 O-O-O 10. b4 Rxd2+ 11. Kxd2 Nxe4+ 12. Ke1 Nxc3 13. a3 Ne7 14.
Ne2 Ncd5 15. Nc1 Nc6 16. Nb3 Ndxb4 17. axb4 Bxb3 18. b5 Nd4 19. Bd3 Kb8 20. Rb1
e4 21. Be2 Rd8 0-1

[Event "13th EICC"]
[Site "Plovdiv BUL"]
[Date "2012.03.30"]
[Round "10.162"]
[White "Kigel, Dmytro"]
[Black "Khelaia, Giorgi"]
[Result "1-0"]
[WhiteTitle "FM"]
[WhiteElo "2235"]
[BlackElo "2080"]
[WhiteFideId "14117932"]
[BlackFideId "13604600"]
[EventDate "2012.03.20"]
[EventType "swiss"]

1. d4 d5 2. c4 e6 3. Nc3 Nf6 4. cxd5 exd5 5. Bg5 Nbd7 6. e3 c6 7. Bd3 Be7 8. Qc2
O-O 9. Nf3 Re8 10. h3 Nf8 11. Bf4 Ng6 12. Bh2 Bd6 13. Bxd6 Qxd6 14. O-O-O b5 15.
h4 Bg4 16. Rdg1 b4 17. Na4 Bh5 18. Nc5 a5 19. Bf5 Ng4 20. Bd7 Re7 21. Bxg4 Bxg4
22. h5 Nf8 23. Ne5 Bc8 24. g4 Ne6 25. Nxe6 Bxe6 26. Nd3 a4 27. Qc5 Qxc5+ 28.
Nxc5 Bc8 29. Kd2 Ba6 30. f3 Bc4 31. a3 b3 32. e4 f6 33. Re1 Rae8 34. Re3 h6 35.
Rhe1 Kf7 36. Nxa4 dxe4 37. Rxe4 Rxe4 38. fxe4 g6 39. Nc5 gxh5 40. gxh5 Rg8 41.
Kc3 Be6 42. Nxe6 Kxe6 43. a4 Rg5 44. Ra1 Rxh5 45. Kxb3 Kd7 46. Kc4 Rh4 47. Re1
Rh2 48. b3 h5 49. e5 f5 50. Rg1 h4 51. Rg7+ Ke6 52. Rg6+ Ke7 53. Rf6 Rf2 54. Rh6
Rh2 55. a5 f4 56. a6 f3 57. a7 Rc2+ 58. Kd3 Ra2 59. Rxh4 f2 60. Rf4 Rxa7 61.
Rxf2 Ke6 62. Rf6+ 1-0

[Event "13th EICC"]
[Site "Plovdiv BUL"]
[Date "2012.03.30"]
[Round "10.164"]
[White "Henseler, Jorgen"]
[Black "Cabarkapa, Novak"]
[Result "1/2-1/2"]
[BlackTitle "FM"]
[WhiteElo "2071"]
[BlackElo "2314"]
[WhiteFideId "1023233"]
[BlackFideId "943746"]
[EventDate "2012.03.20"]
[EventType "swiss"]

1. e4 c5 2. Nf3 e6 3. d4 cxd4 4. Nxd4 Bc5 5. Nb3 Bb6 6. Bd3 Ne7 7. O-O O-O 8. c4
f5 9. Nc3 f4 10. c5 Bc7 11. f3 b6 12. cxb6 Bxb6+ 13. Kh1 Ng6 14. Bd2 Ne5 15. Be1
Qg5 16. Be2 Rf6 17. Bf2 Bxf2 18. Rxf2 Nbc6 19. Nc5 Ng4 20. fxg4 Qxc5 21. Qf1 Qe5
22. Bf3 Rb8 23. Rd2 Qa5 24. Rad1 Ne5 25. Be2 Bb7 26. h3 Bc6 27. Qf2 Qb6 28. Qxb6
Rxb6 29. Rb1 g5 30. Kg1 Rf8 31. b3 Rb4 32. Bf3 a5 33. Re1 Kf7 34. Kf2 Ra8 35.
Kf1 a4 36. Bd1 axb3 37. Bxb3 Nc4 38. Rc2 Ke8 39. g3 Ne3+ 40. Kf2 e5 41. gxf4
gxf4 42. Rxe3 fxe3+ 43. Kxe3 Ke7 1/2-1/2